| 000 | 01831 a2200253 4500 | ||
|---|---|---|---|
| 001 | 38843 | ||
| 005 | 20260407155649.0 | ||
| 008 | 260407a1982 arg spa d | ||
| 003 | AR-UNSa-BCEJYS | ||
| 040 |
_aAR-UNSa-BCEJYS _bspa _cAR-UNSa-BCEJYS |
||
| 080 |
_a519.23 _xAnálisis estadístico. Métodos de inferencia (Métodos no paramétricos...) |
||
| 245 | 1 | 0 | _aIntroducción a la inferencia estadística |
| 020 | _a968-24-0167-7 | ||
| 250 | _a1a ed., 2a. reimp. | ||
| 264 | 1 |
_aMéxico : _bTrillas _c1982 |
|
| 300 |
_a464 p. _c23 cm. |
||
| 505 | _a1. Elementos de probabilidad - 2. Variables aleatorias - 3. Variables aleatorias; valores esperados - 4. Dos variables aleatorias - 5. Dos variables aleatorias; valores esperados - 6. Dos variables aleatorias; esperanza condicional y predicción - 7. Diversas variables aleatorias - 8. Cambio de variable - 9. Permutaciones y combinaciones - 10. Distribución binomial - 11. La distribución de Poisson - 12. Distribución hipergeométrica - 13. Distribución binomial negativa - 14. Distribución multinomial - 15. Distribuciones uniformes de Laplace y Cauchy - 16. Distribución normal en una variable - 17. Distribución normal en dos variables - 18. Series de Gram-Charlier y polinomios de Hermite - 19. Muestro aleatorio - 20. Convolución - 21. Muestreo de poblaciones en general - 22. Estadísticas de orden - 23. Muestreo de una población normal - 24. Regla de Bayes - 25. Estimación puntual - 26. Máxima verosimilitud - 27. Los mejores estimadores lineales insesgados - 28. Pruebas de hipótesis estadísticas - 29. Estimación por intervalos - 30. Regresión: dos variables | ||
| 041 | _aspa | ||
| 942 | _cBK | ||
| 590 | _aniveau_biblio:m niveau_hierar:0 | ||
| 100 | 1 | _aFreeman, Harold | |
| 700 | 1 | _aNieto de Pascual, José | |
| 700 | 1 | _aVelasco Coba, Federico | |
| 999 |
_c2926 _d2926 |
||